| 000 | 00492nam a2200145 a 4500 | ||
|---|---|---|---|
| 008 | 960123s1990||||[C 0 cze c | ||
| 020 |
_a8085236141 _c10 |
||
| 040 |
_aSNK _bslo _cSNK _eAACR2 |
||
| 041 | 1 | _acze | |
| 044 | _aCZ | ||
| 100 | 1 |
_aBruker, M.O. _4aut |
|
| 245 | 1 | 0 |
_aMusíme trpět alergiemi?/s recepty Ilsy Gutjahr/.Příčiny a léčení neurodermitidy,vyrážek,ekzému,senné rýmy a astma _cM.O. Bruker |
| 260 |
_aOstrava _bOsvětová agentura Salvo P.O.Box 321 _c1990 |
||
| 958 | _aA | ||
| 999 |
_c19695 _d19695 |
||